[Event "2nd OHRA Open"]
[Site "Arnhem NED"]
[Date "1983.07.21"]
[Round "6"]
[White "Boersma, Paulus"]
[Black "Langeweg, Christian"]
[Result "1-0"]
[WhiteElo "2355"]
[BlackElo "2420"]
[EventDate "1983.07.15"]
[PlyCount "53"]

1.Nf3 Nf6 2.c4 c5 3.Nc3 Nc6 4.d4 cxd4 5.Nxd4 e6 6.g3 Bc5 7.Nb3 Bb4 8.Bg2 
d5 9.cxd5 Nxd5 10.O-O Nxc3 11.bxc3 Bxc3 12.Qxd8+ Kxd8 13.Rb1 Bb4 14.Rd1+ 
Ke8 15.Nd4 Nxd4 16.Rxd4 Bc5 17.Rg4 e5 18.Rg5 Bd6 19.Bxb7 Rb8 20.Bc6+ Ke7 
21.Rxb8 Bxb8 22.Rxg7 Kf6 23.Bh6 Bf5 24.Rg5 Rd8 25.h4 Rd1+ 26.Kg2 Be6 27.
Rg8 1-0

[Event "2nd OHRA Open"]
[Site "Arnhem NED"]
[Date "1983.07.21"]
[Round "6"]
[White "Lengyel, Bela"]
[Black "Kuijf, Marinus"]
[Result "1/2-1/2"]
[WhiteElo "2315"]
[BlackElo "2420"]
[EventDate "1983.07.15"]
[PlyCount "126"]

1.e4 e6 2.d4 d5 3.Nc3 Bb4 4.e5 c5 5.a3 Bxc3+ 6.bxc3 Ne7 7.a4 Qa5 8.Bd2 
Nbc6 9.Nf3 Bd7 10.Be2 Qc7 11.O-O h6 12.Qc1 c4 13.Ne1 O-O 14.g3 f6 15.exf6 
Rxf6 16.Bf4 Qa5 17.Qd2 Ng6 18.Bd6 Nce7 19.Ng2 Nf5 20.Bb4 Qc7 21.a5 Nge7 
22.Qf4 Qd8 23.Qc1 Nc6 24.Ba3 Be8 25.Qb2 Rb8 26.Bc5 Nd6 27.f3 Bg6 28.Ne3 
Bh5 29.Rf2 g5 30.Rb1 Nf7 31.Qa3 Qc7 32.Kg2 Rd8 33.h3 Bg6 34.Rg1 h5 35.h4 
gxh4 36.gxh4 Qf4 37.Be7 Nxe7 38.Qxe7 Rf8 39.Kh1 Nh6 40.Rfg2 Qxh4+ 41.Rh2 
Qf4 42.Ng2 Qb8 43.Nh4 R8f7 44.Qc5 Rg7 45.Bxc4 b6 46.axb6 axb6 47.Qb5 Ng4 
48.Rhg2 Be8 49.Qb4 dxc4 50.d5 Qd8 51.fxg4 Rf4 52.Rh2 Qxd5+ 53.Ng2 Rfxg4 
54.Rf1 Rxg2 55.Rf8+ Kh7 56.Rh8+ Kxh8 57.Qf8+ Kh7 58.Rxh5+ Bxh5 59.Qh8+ Kg6
60.Qxg7+ Kf5 61.Qf6+ Kg4 62.Qf4+ Kh3 63.Qh4+ Kxh4 1/2-1/2

[Event "2nd OHRA Open"]
[Site "Arnhem NED"]
[Date "1983.07.21"]
[Round "6"]
[White "De Boer, Gert Jan"]
[Black "Berg, Klaus"]
[Result "1/2-1/2"]
[WhiteElo "2330"]
[BlackElo "2400"]
[EventDate "1983.07.15"]
[PlyCount "113"]

1.d4 Nf6 2.c4 c5 3.d5 b5 4.cxb5 a6 5.bxa6 Bxa6 6.Nc3 g6 7.g3 d6 8.Bg2 Bg7 
9.Nh3 O-O 10.O-O Nbd7 11.Qc2 Qa5 12.Rd1 Rfb8 13.Bd2 Ne8 14.Nf4 Nc7 15.Rab1
Bc8 16.h4 Nb5 17.Nxb5 Qxb5 18.b3 Qa6 19.a4 Rb6 20.Be4 Rab8 21.a5 R6b7 22.
Bd3 Qa8 23.e3 Ne5 24.Be2 Bf5 25.e4 Bg4 26.Bxg4 Nxg4 27.h5 Rb5 28.hxg6 hxg6
29.Nd3 Ne5 30.Nxe5 Bxe5 31.Be1 Kg7 32.Qc4 Rb4 33.Bxb4 Rxb4 34.Qe2 Qxa5 35.
Rdc1 Qb6 36.Qc2 Qb7 37.Rd1 Qc8 38.Kg2 Qg4 39.Re1 f5 40.exf5 gxf5 41.Rbd1 
f4 42.Rd3 fxg3 43.fxg3 c4 44.Rf3 cxb3 45.Rxb3 Rd4 46.Rd3 Qg6 47.Rxe5 dxe5 
48.Rd2 Qxc2 49.Rxc2 Rxd5 50.Kf3 Kf6 51.Ke3 Ra5 52.Rf2+ Ke6 53.Rd2 Ra3+ 54.
Kf2 Kf5 55.Rb2 Rc3 56.Rb7 e6 57.Rb4 1/2-1/2

[Event "2nd OHRA Open"]
[Site "Arnhem NED"]
[Date "1983.07.21"]
[Round "6"]
[White "Ligterink, Gert"]
[Black "Hresc, Vladimir"]
[Result "1/2-1/2"]
[WhiteElo "2430"]
[BlackElo "2450"]
[EventDate "1983.07.15"]
[PlyCount "79"]

1.d4 d5 2.c4 e6 3.Nc3 Nf6 4.cxd5 exd5 5.Bg5 Nbd7 6.e3 Be7 7.Bd3 O-O 8.Nf3 
Re8 9.O-O c6 10.Qc2 Nf8 11.a3 a5 12.Rae1 g6 13.Ne5 Ne6 14.f4 c5 15.Bxf6 
Bxf6 16.f5 Nf8 17.fxg6 hxg6 18.Rxf6 Qxf6 19.Rf1 Qg5 20.Nxd5 Rxe5 21.dxe5 
Qxe5 22.Qxc5 Kg7 23.Qc7 Nd7 24.Bc4 Rb8 25.Qxa5 b5 26.Ba2 Qxb2 27.Nc3 f5 
28.Qc7 Qxa3 29.Be6 Qc5 30.Qxc5 Nxc5 31.Bxc8 Rxc8 32.Nxb5 Re8 33.Kf2 Ne4+ 
34.Kg1 Nd2 35.Re1 Nc4 36.Kf2 Ne5 37.Re2 Ng4+ 38.Kg3 Kf6 39.Nd4 Rxe3+ 40.
Rxe3 1/2-1/2

[Event "2nd OHRA Open"]
[Site "Arnhem NED"]
[Date "1983.07.21"]
[Round "6"]
[White "Van Baarle, John"]
[Black "Vogel, Jaap"]
[Result "0-1"]
[WhiteElo "2345"]
[BlackElo "2325"]
[EventDate "1983.07.15"]
[PlyCount "72"]

1.c4 Nf6 2.d4 e6 3.Nf3 b6 4.e3 Bb4+ 5.Bd2 Be7 6.Nc3 Bb7 7.Bd3 d5 8.cxd5 
exd5 9.O-O O-O 10.Rc1 c5 11.b3 Nbd7 12.Qe2 Bd6 13.Nb5 Bb8 14.Rfd1 a6 15.
Nc3 Re8 16.Na4 c4 17.Bc2 b5 18.Nc3 b4 19.Nxd5 Nxd5 20.bxc4 Nf4 21.Qf1 Nh3+
22.Kh1 Bxf3 23.gxf3 Qh4 24.Be1 Bxh2 25.Bf5 Ng5 26.Qg2 Bc7+ 27.Kg1 Nf6 28.
f4 Bxf4 29.d5 g6 30.Bb1 Rxe3 31.fxe3 Bxe3+ 32.Kf1 Qf4+ 33.Bf2 Bxc1 34.d6 
Rd8 35.c5 Ng4 36.Rd4 Ne3+ 0-1

[Event "2nd OHRA Open"]
[Site "Arnhem NED"]
[Date "1983.07.21"]
[Round "6"]
[White "Johansen, Darryl"]
[Black "Van Mil, Johannes"]
[Result "0-1"]
[WhiteElo "2485"]
[BlackElo "2340"]
[EventDate "1983.07.15"]
[PlyCount "83"]

1.c4 f5 2.d4 d6 3.Nc3 Nf6 4.Nf3 g6 5.g3 Bg7 6.Bg2 O-O 7.O-O Qe8 8.d5 Na6 
9.Nd4 Bd7 10.Re1 c6 11.e4 fxe4 12.Nxe4 Nxe4 13.Bxe4 Nc7 14.Be3 c5 15.Ne2 
b5 16.cxb5 Bf5 17.Bg2 Qxb5 18.b3 Bxa1 19.Qxa1 Qb4 20.Rc1 a5 21.Rc4 Qb8 22.
Bh6 Rf7 23.g4 Bd7 24.Qb2 a4 25.Rf4 Qe8 26.h4 axb3 27.axb3 Rb8 28.Qc3 e5 
29.dxe6 Qxe6 30.Rxf7 Qxf7 31.Nf4 Rxb3 32.Qa1 Bc8 33.Nd5 Ne8 34.Qc1 Be6 35.
Nf4 Nc7 36.Nxe6 Qxe6 37.Qa1 Qe5 38.Qa2 c4 39.f4 Qe3+ 40.Kh1 Qe1+ 41.Kh2 
Qg3+ 42.Kh1 0-1

[Event "2nd OHRA Open"]
[Site "Amsterdam NED"]
[Date "1983.07.23"]
[Round "7"]
[White "Chandler, Murray Graham"]
[Black "Sax, Gyula"]
[Result "1/2-1/2"]
[WhiteElo "2485"]
[BlackElo "2570"]
[EventDate "1983.07.15"]
[PlyCount "31"]

1.e4 c5 2.Nf3 d6 3.d4 cxd4 4.Nxd4 Nf6 5.Nc3 a6 6.Be2 g6 7.O-O Bg7 8.Bg5 
Nc6 9.Nb3 b5 10.a3 O-O 11.f4 Be6 12.Kh1 Rc8 13.Qe1 b4 14.axb4 Nxb4 15.Nd4 
Bc4 16.Rd1 1/2-1/2

[Event "2nd OHRA Open"]
[Site "Amsterdam NED"]
[Date "1983.07.23"]
[Round "7"]
[White "Van der Sterren, Paul"]
[Black "Henley, Ron"]
[Result "1-0"]
[WhiteElo "2445"]
[BlackElo "2525"]
[EventDate "1983.07.15"]
[PlyCount "93"]

1.e4 e5 2.Nf3 Nc6 3.Bb5 g6 4.c3 a6 5.Ba4 d6 6.d4 Bd7 7.O-O Bg7 8.Re1 Nge7 
9.dxe5 dxe5 10.Nbd2 O-O 11.Nf1 h6 12.Qe2 Nc8 13.Bc2 Be6 14.Be3 Qe7 15.h3 
Rd8 16.N3d2 Nb8 17.Nb3 b6 18.Nfd2 Nd6 19.a4 a5 20.Bd3 Nd7 21.Nc4 Nf8 22.
Nbd2 Nxc4 23.Bxc4 h5 24.Red1 Rd6 25.Bxe6 Qxe6 26.b3 Kh7 27.Nc4 Rxd1+ 28.
Rxd1 Bh6 29.Bxh6 Kxh6 30.Rd5 f6 31.Ne3 Qc6 32.Qd2 Kg7 33.g4 hxg4 34.Nxg4 
g5 35.h4 Qe6 36.Ne3 Qh3 37.hxg5 Ne6 38.Nf5+ Kg6 39.Rd3 Qg4+ 40.Rg3 Qxe4 
41.Ne7+ Kf7 42.Nc8 Nf8 43.Qd8 Qe1+ 44.Kg2 Qe4+ 45.Kh2 Qh7+ 46.Rh3 Qf5 47.
Qxc7+ 1-0

[Event "2nd OHRA Open"]
[Site "Amsterdam NED"]
[Date "1983.07.23"]
[Round "7"]
[White "Lobron, Eric"]
[Black "Short, Nigel David"]
[Result "1/2-1/2"]
[WhiteElo "2480"]
[BlackElo "2475"]
[EventDate "1983.07.15"]
[PlyCount "66"]

1.e4 e5 2.Nf3 Nc6 3.Bb5 a6 4.Ba4 Nf6 5.O-O Be7 6.Re1 b5 7.Bb3 d6 8.c3 O-O 
9.h3 h6 10.d4 Re8 11.Nbd2 Bf8 12.Nf1 Bd7 13.Ng3 Na5 14.Bc2 c5 15.b3 Nc6 
16.d5 Ne7 17.Be3 Ng6 18.Qd2 Nh7 19.a4 Be7 20.Nf5 Bxf5 21.exf5 Nh4 22.Nxh4 
Bxh4 23.f6 Bxf6 24.axb5 axb5 25.Rxa8 Qxa8 26.Bxh6 gxh6 27.Qxh6 e4 28.Bxe4 
Ng5 29.Qxf6 Nxe4 30.Rxe4 Rxe4 31.Qg5+ Kf8 32.Qh6+ Ke7 33.Qg5+ Kf8 1/2-1/2

[Event "2nd OHRA Open"]
[Site "Amsterdam NED"]
[Date "1983.07.23"]
[Round "7"]
[White "Borm, Franciscus"]
[Black "Ree, Hans"]
[Result "1/2-1/2"]
[WhiteElo "2355"]
[BlackElo "2500"]
[EventDate "1983.07.15"]
[PlyCount "49"]

1.e4 c5 2.Nf3 d6 3.d4 cxd4 4.Nxd4 Nf6 5.Nc3 e6 6.Be2 Be7 7.O-O O-O 8.f4 a6
9.Be3 Nc6 10.Qe1 Nxd4 11.Bxd4 b5 12.Bd3 Bb7 13.Kh1 Qc7 14.e5 dxe5 15.fxe5 
Nd7 16.Ne4 Rad8 17.Qe3 Bxe4 18.Bxe4 Bc5 19.c3 Bxd4 20.cxd4 f5 21.exf6 Nxf6
22.Bf3 Qd6 23.a4 bxa4 24.Rxa4 Rb8 25.Rfa1 1/2-1/2

[Event "2nd OHRA Open"]
[Site "Amsterdam NED"]
[Date "1983.07.23"]
[Round "7"]
[White "Sunye Neto, Jaime"]
[Black "Van der Wiel, John"]
[Result "1-0"]
[WhiteElo "2490"]
[BlackElo "2515"]
[EventDate "1983.07.15"]
[PlyCount "105"]

1.c4 c5 2.Nc3 g6 3.Nf3 Bg7 4.d4 cxd4 5.Nxd4 Nc6 6.Nb3 Nf6 7.e4 O-O 8.Be2 
a5 9.a4 d6 10.O-O b6 11.Be3 Nd7 12.Nd4 Nxd4 13.Bxd4 Nc5 14.Bxg7 Kxg7 15.f4
Bb7 16.Qd4+ f6 17.Qe3 e5 18.f5 Bc6 19.Bd1 Ra7 20.Bc2 Kg8 21.Rad1 Rg7 22.
Rf2 Qd7 23.fxg6 hxg6 24.Rfd2 f5 25.Rxd6 Qe8 26.Nd5 Bxd5 27.R6xd5 fxe4 28.
Bxe4 Nxe4 29.Qxe4 Qxa4 30.Rd8 Qb4 31.Qxe5 Rf7 32.Rxf8+ Qxf8 33.h3 Kh7 34.
Rd4 Qe7 35.Qxe7 Rxe7 36.Kf2 Rc7 37.Ke3 Rc5 38.b3 a4 39.bxa4 Ra5 40.Rd6 
Rxa4 41.Kd3 Ra3+ 42.Kd4 Rb3 43.Rd5 Rg3 44.Rb5 Rxg2 45.Rxb6 Rd2+ 46.Ke5 
Re2+ 47.Kd6 Rd2+ 48.Kc6 Rd3 49.c5 Rxh3 50.Kb7 Kh6 51.c6 Kg5 52.c7 Rh7 53.
Kc6 1-0

[Event "2nd OHRA Open"]
[Site "Amsterdam NED"]
[Date "1983.07.23"]
[Round "7"]
[White "Vogel, Jaap"]
[Black "De Boer, Gert Jan"]
[Result "1-0"]
[WhiteElo "2325"]
[BlackElo "2330"]
[EventDate "1983.07.15"]
[PlyCount "95"]

1.Nf3 Nf6 2.g3 g6 3.Bg2 Bg7 4.d4 d5 5.c4 dxc4 6.Na3 c3 7.bxc3 c5 8.Ne5 
Nfd7 9.Nac4 Nxe5 10.Nxe5 cxd4 11.Qa4+ Bd7 12.Nxd7 Qxd7 13.Qxd7+ Nxd7 14.
cxd4 Bxd4 15.Rb1 Bb6 16.O-O Nc5 17.Bh6 e6 18.Bg7 Rg8 19.Bf6 Rc8 20.Rfc1 
Rb8 21.a4 Nd7 22.Bc3 Ke7 23.Bb4+ Kf6 24.a5 Bd8 25.Rd1 Nf8 26.Bd6 Rc8 27.
Rxb7 Bxa5 28.Rxa7 Bb6 29.Rb7 Bc5 30.Bc7 Be7 31.f4 Kg7 32.e4 h5 33.Be5+ Bf6
34.Bxf6+ Kxf6 35.e5+ Kg7 36.Bh3 Re8 37.Ra1 Nh7 38.Raa7 Rgf8 39.Kf2 g5 40.
Ke3 Kg6 41.Bf1 gxf4+ 42.gxf4 Kg7 43.Bd3 Rb8 44.Rxb8 Rxb8 45.Bxh7 Kxh7 46.
Rxf7+ Kg8 47.Rf6 Rb6 48.Kf3 1-0

[Event "2nd OHRA Open"]
[Site "Amsterdam NED"]
[Date "1983.07.23"]
[Round "7"]
[White "Lengyel, Bela"]
[Black "Bohm, Hans"]
[Result "0-1"]
[WhiteElo "2315"]
[BlackElo "2390"]
[EventDate "1983.07.15"]
[PlyCount "78"]

1.e4 e6 2.d4 d5 3.Nc3 Bb4 4.e5 Ne7 5.Nf3 c5 6.a3 Bxc3+ 7.bxc3 Bd7 8.a4 Qa5
9.Bd2 Nbc6 10.Be2 f6 11.O-O O-O-O 12.c4 Qc7 13.cxd5 Nxd5 14.c4 Ndb4 15.Qb3
a5 16.exf6 gxf6 17.d5 Ne7 18.Bc3 e5 19.Rfd1 Nf5 20.Bf1 h5 21.Re1 Rhg8 22.
Bd2 Rg7 23.Kh1 Rdg8 24.Re2 Rg4 25.Bxb4 axb4 26.a5 Kb8 27.Qb1 Bc8 28.a6 b6 
29.h3 Rf4 30.Ne1 Ng3+ 31.Kg1 Nxe2+ 32.Bxe2 Ka7 33.d6 Qg7 34.Qd3 Be6 35.Qe3
h4 36.Rd1 Qd7 37.Bf3 Bxh3 38.Bb7 Be6 39.Nf3 Bxc4 0-1

[Event "2nd OHRA Open"]
[Site "Amsterdam NED"]
[Date "1983.07.23"]
[Round "7"]
[White "Murey, Jacob"]
[Black "Van Wijgerden, Cornelis"]
[Result "1/2-1/2"]
[WhiteElo "2485"]
[BlackElo "2430"]
[EventDate "1983.07.15"]
[PlyCount "78"]

1.d4 d6 2.c4 f5 3.g3 Nf6 4.Bg2 g6 5.Nc3 Bg7 6.Bf4 O-O 7.Qd2 e6 8.Nf3 Qe7 
9.O-O Nbd7 10.Bg5 Qf7 11.Ne1 c6 12.e4 e5 13.exf5 gxf5 14.dxe5 dxe5 15.Bh6 
Bxh6 16.Qxh6 Re8 17.Qg5+ Qg6 18.f4 Nc5 19.Nf3 Qxg5 20.fxg5 Nh5 21.Rad1 a5 
22.Rfe1 e4 23.Nd4 Ng7 24.b3 Be6 25.Rf1 Rad8 26.Bh3 e3 27.Bg2 Bf7 28.Nxf5 
Nxf5 29.Rxd8 Rxd8 30.Rxf5 Rd3 31.Rxc5 Rxc3 32.Bf1 Bh5 33.Re5 Bf3 34.h3 b6 
35.g4 Kg7 36.Re6 Kg8 37.Re7 Kf8 38.Re5 Kg7 39.Re6 Kg8 1/2-1/2

[Event "2nd OHRA Open"]
[Site "Amsterdam NED"]
[Date "1983.07.23"]
[Round "7"]
[White "Ligterink, Gert"]
[Black "Franco Ocampos, Zenon"]
[Result "0-1"]
[WhiteElo "2430"]
[BlackElo "2495"]
[EventDate "1983.07.15"]
[PlyCount "108"]

1.d4 Nf6 2.c4 e6 3.Nf3 c5 4.d5 exd5 5.cxd5 g6 6.Nc3 d6 7.g3 Bg7 8.Bg2 O-O 
9.O-O a6 10.a4 Nbd7 11.e4 Re8 12.Re1 Ng4 13.Nh4 Nf8 14.h3 Ne5 15.f4 Nc4 
16.Bf1 Na5 17.Nf3 c4 18.Be3 Bxc3 19.bxc3 Rxe4 20.Nd2 Re8 21.Rb1 b5 22.axb5
Bf5 23.Rb4 axb5 24.Bd4 Qd7 25.g4 Bd3 26.Bxd3 cxd3 27.Ne4 Rxe4 28.Rxe4 Nc4 
29.Qxd3 Ra1+ 30.Kh2 f5 31.Re2 fxg4 32.Qe4 gxh3 33.Rb1 Ra4 34.Rg1 Qf7 35.
Kxh3 Nb6 36.f5 Nxd5 37.Qf3 b4 38.c4 Ra3 39.Be3 Nxe3 40.Rxe3 Rxe3 41.Qxe3 
Qxf5+ 42.Kg3 Ne6 43.Re1 Ng7 44.Qf3 Qg5+ 45.Kf2 Qh4+ 46.Qg3 Qd4+ 47.Kg2 Nf5
48.Qh3 Qd2+ 49.Kf1 Kg7 50.Qf3 h5 51.Ra1 b3 52.Rb1 Nd4 53.Qe4 Kh6 54.Re1 b2
0-1

[Event "2nd OHRA Open"]
[Site "Amsterdam NED"]
[Date "1983.07.23"]
[Round "7"]
[White "Hresc, Vladimir"]
[Black "Langeweg, Christian"]
[Result "0-1"]
[WhiteElo "2450"]
[BlackElo "2420"]
[EventDate "1983.07.15"]
[PlyCount "76"]

1.e4 c5 2.c3 d5 3.exd5 Qxd5 4.d4 Nc6 5.Nf3 e6 6.Be2 Nf6 7.O-O cxd4 8.Nxd4 
Nxd4 9.cxd4 Be7 10.Nc3 Qd6 11.Bf3 O-O 12.Rb1 Rd8 13.Be3 Nd5 14.Nxd5 exd5 
15.Qb3 b6 16.Rbc1 a5 17.Rfe1 Ba6 18.g3 a4 19.Qxa4 Be2 20.Qxa8 Rxa8 21.Rxe2
g5 22.a3 Qd7 23.Rec2 Qf5 24.Be2 g4 25.Rc6 Bg5 26.Rxb6 Bxe3 27.fxe3 Re8 28.
Rb3 Qg5 29.Kf2 Re6 30.a4 Rh6 31.a5 Rxh2+ 32.Ke1 Qf6 33.Kd1 Qf2 34.Rc2 Rh1+
35.Kd2 Qe1+ 36.Kd3 Qxa5 37.Bxg4 Qa6+ 38.Kc3 Qc4+ 0-1

[Event "2nd OHRA Open"]
[Site "Amsterdam NED"]
[Date "1983.07.23"]
[Round "7"]
[White "Van der Vliet, Fredrik"]
[Black "Johansen, Darryl"]
[Result "0-1"]
[WhiteElo "2345"]
[BlackElo "2485"]
[EventDate "1983.07.15"]
[PlyCount "62"]

1.d4 Nf6 2.c4 c5 3.d5 b5 4.cxb5 a6 5.bxa6 Bxa6 6.g3 d6 7.Bg2 g6 8.b3 Bg7 
9.Bb2 O-O 10.Nh3 Nbd7 11.O-O Qb8 12.Bc3 Nb6 13.Re1 c4 14.e4 cxb3 15.axb3 
Rc8 16.Ra2 Nbd7 17.Nf4 Qb7 18.Ne2 Bxe2 19.Raxe2 Rab8 20.Bh3 Rc5 21.b4 Rc4 
22.Re3 Bh6 23.f4 Qa7 24.Kh1 Rc7 25.Rd3 Nb6 26.e5 Nh5 27.f5 Na4 28.fxg6 
hxg6 29.Qg4 Nxc3 30.Nxc3 dxe5 31.Rxe5 Rxc3 0-1

[Event "2nd OHRA Open"]
[Site "Amsterdam NED"]
[Date "1983.07.23"]
[Round "7"]
[White "Van Mil, Johannes"]
[Black "Kuijf, Marinus"]
[Result "0-1"]
[WhiteElo "2340"]
[BlackElo "2420"]
[EventDate "1983.07.15"]
[PlyCount "100"]

1.f4 c5 2.g3 Nc6 3.Bg2 g6 4.Nf3 Bg7 5.O-O d6 6.d3 e6 7.Nc3 Nge7 8.e4 O-O 
9.Be3 Rb8 10.Qd2 b5 11.e5 Nf5 12.Bf2 Ncd4 13.Ne4 Bb7 14.c3 Nxf3+ 15.Bxf3 
Re8 16.Qe2 dxe5 17.fxe5 Bxe5 18.Bxc5 a6 19.a4 Rc8 20.d4 Bc6 21.Qf2 Bb8 22.
axb5 Bxb5 23.Rfd1 Bc4 24.Nd2 Bd3 25.Bb7 e5 26.Bxc8 Qxc8 27.Nf1 Bb5 28.Re1 
Bc6 29.Rad1 exd4 30.cxd4 Bd5 31.Ne3 Nxe3 32.Rxe3 Rxe3 33.Qxe3 h5 34.Re1 
Kh7 35.Qg5 Bc4 36.Qe7 Qf5 37.Qe4 Qg5 38.Bb4 Bd5 39.Qe3 Qg4 40.Bd2 Kg8 41.
Qf2 Ba7 42.Bf4 f6 43.Qe3 Qd7 44.h4 Bc6 45.Kh2 Bxd4 46.Qb3+ Kg7 47.Qb4 Kf7 
48.Qc4+ Kg7 49.Rd1 Qg4 50.Qxd4 Qe2+ 0-1

[Event "2nd OHRA Open"]
[Site "Amsterdam NED"]
[Date "1983.07.23"]
[Round "7"]
[White "Grooten, Herman"]
[Black "Van Baarle, John"]
[Result "0-1"]
[WhiteElo "2340"]
[BlackElo "2345"]
[EventDate "1983.07.15"]
[PlyCount "62"]

1.d4 Nf6 2.c4 e6 3.Nf3 d5 4.Bg5 Be7 5.Nc3 O-O 6.e3 Nbd7 7.Qc2 h6 8.Bf4 c6 
9.cxd5 exd5 10.O-O-O b5 11.Kb1 Qa5 12.Bd3 b4 13.Ne2 c5 14.dxc5 Nxc5 15.
Ned4 Nxd3 16.Nc6 Qc5 17.Nxe7+ Qxe7 18.Qxd3 a5 19.Nd4 Ba6 20.Qf5 a4 21.f3 
a3 22.b3 Rac8 23.Qh3 Rc3 24.Nf5 Qe6 25.g4 Rfc8 26.Nd4 Qb6 27.Rhg1 Qc5 28.
e4 Bd3+ 29.Rxd3 Rxd3 30.g5 Rxd4 31.Rc1 Rd1 0-1

[Event "2nd OHRA Open"]
[Site "Amsterdam NED"]
[Date "1983.07.24"]
[Round "8"]
[White "Chandler, Murray Graham"]
[Black "Lobron, Eric"]
[Result "1-0"]
[WhiteElo "2485"]
[BlackElo "2480"]
[EventDate "1983.07.15"]
[PlyCount "113"]

1.e4 c6 2.d4 d5 3.Nd2 dxe4 4.Nxe4 Bf5 5.Ng3 Bg6 6.h4 h6 7.Nf3 Nd7 8.h5 Bh7
9.Bd3 Bxd3 10.Qxd3 e6 11.Bd2 Ngf6 12.O-O-O Be7 13.Ne4 O-O 14.Nxf6+ Nxf6 
15.Kb1 c5 16.g4 Nxg4 17.Rhg1 f5 18.Rde1 Qd5 19.c4 Qd6 20.d5 exd5 21.Bf4 
Qd7 22.Ne5 Nxe5 23.Rxe5 Bf6 24.Rxd5 Qe8 25.Bd6 Rf7 26.Bxc5 Rc8 27.Be3 Qe6 
28.b3 Bg5 29.f4 Bf6 30.Rxf5 Re8 31.Bc1 Qe2 32.Qxe2 Rxe2 33.Rd5 Rh2 34.Re1 
Kf8 35.Bd2 Kg8 36.Kc2 Kh7 37.b4 Rc7 38.Kb3 Rh3+ 39.Re3 Rh1 40.c5 Rb1+ 41.
Kc4 b6 42.a4 Ra1 43.a5 bxa5 44.bxa5 Ra2 45.Re6 Kg8 46.c6 Kf7 47.f5 a6 48.
Kc5 Rb2 49.Bf4 Be7+ 50.Kd4 Rb4+ 51.Ke3 Bg5 52.Bxg5 hxg5 53.Rd7+ Rxd7 54.
cxd7 Rb8 55.Rxa6 Ke7 56.Rg6 Rb3+ 57.Kd4 1-0

[Event "2nd OHRA Open"]
[Site "Amsterdam NED"]
[Date "1983.07.24"]
[Round "8"]
[White "Ree, Hans"]
[Black "Van der Sterren, Paul"]
[Result "1/2-1/2"]
[WhiteElo "2500"]
[BlackElo "2445"]
[EventDate "1983.07.15"]
[PlyCount "57"]

1.d4 d5 2.c4 e6 3.Nc3 Nf6 4.cxd5 exd5 5.Bg5 Be7 6.e3 O-O 7.Bd3 Nbd7 8.Nf3 
c6 9.Qc2 Re8 10.O-O Nf8 11.a3 Ng6 12.Nh4 Ne4 13.Nxg6 hxg6 14.Bf4 Nxc3 15.
bxc3 c5 16.Bb5 Bf5 17.Qa4 Rf8 18.dxc5 Bxc5 19.Rfd1 a6 20.Be2 Be4 21.Bd3 
Qe7 22.Bxe4 b5 23.Qc2 dxe4 24.Rd5 Rfc8 25.Re5 Qf8 26.Qb3 Re8 27.Rxe8 Qxe8 
28.a4 Bf8 29.axb5 1/2-1/2

[Event "2nd OHRA Open"]
[Site "Amsterdam NED"]
[Date "1983.07.24"]
[Round "8"]
[White "Langeweg, Christian"]
[Black "Sunye Neto, Jaime"]
[Result "1/2-1/2"]
[WhiteElo "2420"]
[BlackElo "2490"]
[EventDate "1983.07.15"]
[PlyCount "61"]

1.d4 Nf6 2.Nf3 e6 3.c4 b6 4.Nc3 Bb4 5.e3 O-O 6.Bd3 d5 7.O-O dxc4 8.Bxc4 
Bb7 9.Bd2 Nbd7 10.Qe2 c5 11.Rfd1 cxd4 12.Nxd4 a6 13.Be1 Qe7 14.Rac1 Rfc8 
15.Bb3 Bd6 16.f3 Rc7 17.Qd2 Be5 18.Nce2 Nc5 19.Bg3 Bxg3 20.Nxg3 g6 21.e4 
Rac8 22.Bc2 Ncd7 23.Bb3 Rxc1 24.Rxc1 Rxc1+ 25.Qxc1 Qb4 26.Nge2 Ne5 27.Qc3 
Qxc3 28.Nxc3 Nd3 29.Nd1 Nc1 30.Bc4 Nd7 31.Ne2 1/2-1/2

[Event "2nd OHRA Open"]
[Site "Amsterdam NED"]
[Date "1983.07.24"]
[Round "8"]
[White "Boersma, Paulus"]
[Black "Borm, Franciscus"]
[Result "1/2-1/2"]
[WhiteElo "2355"]
[BlackElo "2355"]
[EventDate "1983.07.15"]
[PlyCount "70"]

1.Nf3 Nf6 2.c4 e6 3.g3 d5 4.Bg2 c6 5.b3 Nbd7 6.O-O Bd6 7.Bb2 O-O 8.Nc3 e5 
9.cxd5 cxd5 10.Nb5 Bb8 11.Ba3 Re8 12.Nd6 Bxd6 13.Bxd6 Qb6 14.Ba3 e4 15.Ne1
Ne5 16.d4 Nc6 17.Nc2 Be6 18.Bc5 Qd8 19.a4 Qd7 20.Ne3 Bh3 21.a5 Bxg2 22.
Kxg2 h5 23.h4 Ng4 24.Qd2 Nd8 25.Ba3 Nxe3+ 26.Qxe3 Ne6 27.Bc1 g6 28.Qc3 Qb5
29.Qb2 Rac8 30.Be3 Rc6 31.Ra2 Rec8 32.Rc1 Rxc1 33.Bxc1 Nxd4 34.Qxd4 Rxc1 
35.Qxa7 Qxb3 1/2-1/2

[Event "2nd OHRA Open"]
[Site "Amsterdam NED"]
[Date "1983.07.24"]
[Round "8"]
[White "De Boer, Gert Jan"]
[Black "Grooten, Herman"]
[Result "1-0"]
[WhiteElo "2330"]
[BlackElo "2340"]
[EventDate "1983.07.15"]
[PlyCount "54"]

1.d4 Nf6 2.c4 e6 3.Nf3 b6 4.g3 Ba6 5.b3 Bb4+ 6.Bd2 Be7 7.Bg2 c6 8.Bc3 d5 
9.Nbd2 Nbd7 10.O-O Rc8 11.Re1 c5 12.e4 cxd4 13.Nxd4 e5 14.Nf5 d4 15.Bxd4 
exd4 16.e5 O-O 17.Nxe7+ Qxe7 18.exf6 Qxf6 19.Nf3 b5 20.cxb5 Bxb5 21.Qxd4 
Rfd8 22.Qxa7 Nc5 23.Qe7 Qb6 24.Ne5 Qf6 25.Qxf6 gxf6 26.Ng4 Nd3 27.Red1 f5 
1-0

[Event "2nd OHRA Open"]
[Site "Amsterdam NED"]
[Date "1983.07.24"]
[Round "8"]
[White "Van Baarle, John"]
[Black "Berg, Klaus"]
[Result "1-0"]
[WhiteElo "2345"]
[BlackElo "2400"]
[EventDate "1983.07.15"]
[PlyCount "97"]

1.e4 c6 2.d4 d5 3.exd5 cxd5 4.c4 Nf6 5.Nc3 Nc6 6.Nf3 Bg4 7.cxd5 Nxd5 8.Qb3
Bxf3 9.gxf3 e6 10.Qxb7 Nxd4 11.Bb5+ Nxb5 12.Qc6+ Ke7 13.Qxb5 Qd7 14.Nxd5+ 
Qxd5 15.Qxd5 exd5 16.Be3 Ke6 17.Rc1 Bd6 18.Ke2 Rhc8 19.h3 Be5 20.b3 Bb2 
21.Rxc8 Rxc8 22.Rb1 Ba3 23.Kd3 a5 24.Bd2 Bb4 25.Rc1 Rxc1 26.Bxc1 Kd6 27.
Bd2 Kc5 28.Bc1 Be1 29.Bb2 Kb4 30.Kc2 Bxf2 31.Bxg7 Ka3 32.Kb1 Kb4 33.Kb2 d4
34.Bf8+ Kb5 35.Kc2 Kc6 36.Kd3 Kd5 37.Bg7 f5 38.Bh6 Kc5 39.Bf8+ Kd5 40.Be7 
Be1 41.Bf6 Bc3 42.Bd8 Ke5 43.Bg5 Kd5 44.Bh6 Kc5 45.h4 Kd5 46.h5 Kc5 47.a3 
Bb2 48.Kc2 Bc3 49.Bd2 1-0

[Event "2nd OHRA Open"]
[Site "Amsterdam NED"]
[Date "1983.07.24"]
[Round "8"]
[White "Johansen, Darryl"]
[Black "Vogel, Jaap"]
[Result "1/2-1/2"]
[WhiteElo "2485"]
[BlackElo "2325"]
[EventDate "1983.07.15"]
[PlyCount "98"]

1.c4 Nf6 2.g3 e6 3.Bg2 d5 4.Nf3 Be7 5.O-O O-O 6.d4 b6 7.Nc3 Bb7 8.Ne5 Qc8 
9.cxd5 exd5 10.Bg5 Qe6 11.Rc1 Na6 12.Nd3 c6 13.a3 Rfe8 14.b4 Ne4 15.Nf4 
Qd6 16.Bxe7 Rxe7 17.h4 Nc7 18.Qc2 Nxc3 19.Qxc3 a5 20.Ra1 Ree8 21.e3 axb4 
22.axb4 Ba6 23.Rfc1 Bc4 24.Bf1 b5 25.Nd3 h6 26.Nc5 Ne6 27.Bh3 Nc7 28.Bd7 
Rf8 29.Rxa8 Nxa8 30.Ra1 Nb6 31.Bg4 Qg6 32.Bd1 Rb8 33.Qc2 Qf6 34.Bg4 g6 35.
Ra6 h5 36.Bd1 Qd6 37.Qb1 Nd7 38.Qa1 Nf6 39.Bf3 Kg7 40.Ra7 Re8 41.Qa5 Rxe3 
42.Qc7 Re1+ 43.Kh2 Qxc7 44.Rxc7 Bf1 45.Rxc6 Be2 46.Kg2 Bf1+ 47.Kh2 Be2 48.
Kg2 Bf1+ 49.Kh2 Be2 1/2-1/2

[Event "2nd OHRA Open"]
[Site "Amsterdam NED"]
[Date "1983.07.24"]
[Round "8"]
[White "Van der Vliet, Fredrik"]
[Black "Ligterink, Gert"]
[Result "1/2-1/2"]
[WhiteElo "2345"]
[BlackElo "2430"]
[EventDate "1983.07.15"]
[PlyCount "89"]

1.d4 Nf6 2.c4 e6 3.Nf3 b6 4.g3 Ba6 5.b3 Bb4+ 6.Bd2 Be7 7.Bg2 Bb7 8.Nc3 O-O
9.O-O Na6 10.Bc1 d5 11.Ne5 c5 12.Bb2 Rb8 13.cxd5 exd5 14.Rc1 Nc7 15.dxc5 
bxc5 16.Na4 Ne6 17.e3 Bd6 18.Re1 Qe7 19.Nd3 Ne4 20.f3 Nf6 21.e4 dxe4 22.
fxe4 Nd7 23.e5 Bc7 24.Bxb7 Rxb7 25.Nc3 Ba5 26.Nd5 Qd8 27.Re3 Nb6 28.Nxb6 
Bxb6 29.Rc4 Rd7 30.Qf1 Qg5 31.Qf3 Rfd8 32.Nf2 Nd4 33.Qe4 h5 34.Kg2 Ne6 35.
Rf3 Rd5 36.h4 Qe7 37.Rd3 Rxd3 38.Nxd3 Qd7 39.Nf2 Bc7 40.Rc2 Ba5 41.Rc1 Qd2
42.Rc2 Qd5 43.Kf3 Be1 44.Qxd5 Rxd5 45.Ne4 1/2-1/2

[Event "2nd OHRA Open"]
[Site "Amsterdam NED"]
[Date "1983.07.24"]
[Round "8"]
[White "Van Mil, Johannes"]
[Black "Murey, Jacob"]
[Result "0-1"]
[WhiteElo "2340"]
[BlackElo "2485"]
[EventDate "1983.07.15"]
[PlyCount "32"]

1.d4 Nf6 2.Nc3 d5 3.Bg5 e6 4.e4 Bb4 5.e5 h6 6.Be3 Ne4 7.Qg4 Kf8 8.a3 Bxc3+
9.bxc3 c5 10.Bd3 h5 11.Qf3 Nxc3 12.Nh3 Nc6 13.Nf4 Kg8 14.Nxh5 Qh4 15.g4 
Nxd4 16.Qf4 Bd7 0-1

[Event "2nd OHRA Open"]
[Site "Amsterdam NED"]
[Date "1983.07.25"]
[Round "9"]
[White "Kuijf, Marinus"]
[Black "Ree, Hans"]
[Result "0-1"]
[WhiteElo "2420"]
[BlackElo "2500"]
[EventDate "1983.07.15"]
[PlyCount "78"]

1.e4 e6 2.d4 d5 3.Nc3 Nf6 4.Bg5 Bb4 5.Ne2 dxe4 6.a3 Be7 7.Bxf6 gxf6 8.Nxe4
f5 9.N4c3 b6 10.Ng3 Bb7 11.Bb5+ c6 12.Bc4 Qd6 13.Qd3 Nd7 14.O-O-O O-O-O 
15.Rhe1 h5 16.Qe2 Qf4+ 17.Kb1 h4 18.Nf1 Nf6 19.g3 Qc7 20.Ne3 Bf8 21.Qf3 
Kb8 22.Bb3 Bh6 23.Nxf5 exf5 24.Qxf5 Rd6 25.Ne4 Nxe4 26.Rxe4 hxg3 27.hxg3 
Bg7 28.Rde1 Bc8 29.Qf4 Rd7 30.Qg4 Bf6 31.Qd1 Rhd8 32.c3 c5 33.Rf4 Bg7 34.
d5 Re7 35.Rxe7 Qxe7 36.Qh5 f5 37.Qg6 Qf6 38.Qh5 Bf8 39.g4 Qh6 0-1